Chuyện như tiểu thuyết

Tallennettuna:
Bibliografiset tiedot
Päätekijä: Nguyễn Khai Phong
Aineistotyyppi: Kirja
Kieli:Undetermined
Julkaistu: Tp. HCM Văn nghệ 1997
Aiheet:
Tagit: Lisää tagi
Ei tageja, Lisää ensimmäinen tagi!
Thư viện lưu trữ: Trung tâm Học liệu Trường Đại học Cần Thơ
LEADER 00540nam a2200193Ia 4500
001 CTU_17068
008 210402s9999 xx 000 0 und d
020 |b 20000đ 
082 |a 895.92234 
082 |b Ph431 
100 |a Nguyễn Khai Phong 
245 0 |a Chuyện như tiểu thuyết 
245 0 |c Nguyễn Khai Phong 
260 |a Tp. HCM 
260 |b Văn nghệ 
260 |c 1997 
650 |a vietnamese fiction - 20th century 
904 |i Minh, 970710 
980 |a Trung tâm Học liệu Trường Đại học Cần Thơ